Normal view
MARC view
Entry Personal Name
001 - CONTROL NUMBER
- control field: 501613
003 - CONTROL NUMBER IDENTIFIER
- control field: OSt
005 - DATE AND TIME OF LATEST TRANSACTION
- control field: 20220928141706.0
008 - FIXED-LENGTH DATA ELEMENTS
- fixed length control field: 220928|| aca||aabn | a|a d
040 ## - CATALOGING SOURCE
- Original cataloging agency: OSt
- Transcribing agency: OSt
100 ## - HEADING--PERSONAL NAME
- Personal name: Parr John M
670 ## - SOURCE DATA FOUND
- Source citation: Work cat.: (OSt)819186: Phillips Charles L 501612, Signals,systems and transforms., 1999
